000 00738nam a2200241 i 4500
001 000039452
003 DO-SdBNP
005 20241016152118.0
007 ta
008 130628s1965 dr ac 000 0 spa d
040 _aDO-SdBNP
_bspa
_cBNPHU
_erda
082 4 _a972.93054
_bF385g
_222
100 1 _aFerreras, Ramón Alberto,
_eautor
_4aut.
_965655
245 1 0 _aGuerra patria /
_cRamón Alberto Ferreras.
264 4 _aSanto Domingo :
_bEditorial del Nordeste,
_c1965.
300 _aXI, [240] páginas :
_bilustraciones, retratos ;
_c21 cm.
336 _atexto
_btxt
_2rdacontent
337 _asin mediación
_bn
_2rdamedia
338 _avolumen
_bnc
_2rdacarrier
590 _aInventariado, 2022 / DG
910 _aDG
942 _2ddc
_cLBS1
999 _c51387
_d51387